00529 a2200157 4500008004100000020001100041035001200052037004600064082000800110100001700118245010300135260004100238300005800279700001700337700001700354090313t xxu||||| |||| 00| 0 eng d c395.00 aB-86632 bRP-PR-218 / PANSY-04-05:19 / RP-04-05:ENG a000 aBakshi, S.P. aArihant self study guide N.D.A. entrance examinationscby S.P. Bakhsi, P.K. Mittal and Esha Bakhsi aMeerutbArihant Publicationsc(200?) aVarious pagingsc28 cm (pbk)eFree NDA exam in pocket aMittal, P.K. aBakshi, Esha